| 000 | 00540cam a2200193 a 4500 | ||
|---|---|---|---|
| 020 | _a0078810183 : | ||
| 040 | _cDLC | ||
| 082 | 0 | 0 | _a652 OSB 1992 A050 Or. |
| 100 | 1 | _aDyson, Steve. | |
| 245 | 1 | 0 |
_aWordPerfect for Windows : _bthe complete reference / |
| 260 |
_aBerkeley : _bOsborne McGraw-Hill, _cc1992. |
||
| 300 |
_axix, 763 p. : _bill. ; _c24 cm. |
||
| 500 | _a"Covers version 5.1"--Cover. | ||
| 500 | _aIncludes index. | ||
| 650 | 0 | _aWord processing. | |
| 700 | 1 | _aFingerman, Daniel J. | |
| 700 | 1 | _aCobb, Stephen, | |
| 942 | _cEK | ||
| 999 |
_c14152 _d14152 |
||